000 00194nam a2200073Ia 4500
008 170523s9999 xx 000 0 und d
100 _aMinoli- Daniel
245 2 _aA Networking Approach to GRID Computing
260 _aWiley India
999 _c12172
_d12172